Rabindranath Tagore on Literature: (Record no. 204309)
[ view plain ]
| 000 -LEADER | |
|---|---|
| fixed length control field | 00828nam a22002177a 4500 |
| 008 - FIXED-LENGTH DATA ELEMENTS--GENERAL INFORMATION | |
| fixed length control field | 081216t xxu||||| |||| 00| 0 eng d |
| 010 ## - LCCN (DPL NO) | |
| LC control number | ENG-140927 |
| 020 ## - INTERNATIONAL STANDARD BOOK NUMBER | |
| Terms of availability | 795.00 |
| International Standard Book Number | 9788126920396 |
| 035 ## - SYSTEM CONTROL NUMBER | |
| System control number | EN-124459 |
| 037 ## - SOURCE OF ACQUISITION | |
| Stock number | DBAD |
| 040 ## - CATALOGING SOURCE | |
| Original cataloging agency | dpl |
| Language of cataloging | English |
| 050 ## - LIBRARY OF CONGRESS CALL NUMBER | |
| DPL Classification number | 880.08 |
| 082 ## - DEWEY DECIMAL CLASSIFICATION NUMBER | |
| Classification number | 880.08 |
| 245 ## - TITLE STATEMENT | |
| Title | Rabindranath Tagore on Literature: |
| Remainder of title | Translation of Tagore' Essay on the Aesthetics of Literature/ |
| Statement of responsibility, etc | Translated by Mohit K. Ray [and] Rama Kundu |
| 260 ## - PUBLICATION, DISTRIBUTION, ETC. (IMPRINT) | |
| Place of publication, distribution, etc | New Delhi |
| Name of publisher, distributor, etc | Atlantic Publishers & Distributors |
| Date of publication, distribution, etc | 2015 |
| 270 ## - ADDRESS | |
| Address | 7/22, Ansari Road, Darya Ganj |
| City | New Delhi |
| Postal code | 110002 |
| Telephone number | +91-11-232885873 |
| Electronic mail address | orders@atlantic.com |
| 300 ## - PHYSICAL DESCRIPTION | |
| Extent | xxii, 262p. |
| Dimensions | 22cm(Hb) |
| 700 ## - ADDED ENTRY--PERSONAL NAME | |
| Personal name | Ray , Mohit K. |
| Relator term | Translated |
| 9 (RLIN) | 68764 |
| 700 ## - ADDED ENTRY--PERSONAL NAME | |
| Personal name | Kundu, Rama |
| Relator term | Translated |
| 9 (RLIN) | 68765 |
| 942 ## - ADDED ENTRY ELEMENTS (KOHA) | |
| Source of classification or shelving scheme | Dewey Decimal Classification |
| Item type | English Books |
| Call number suffix | RAB |
| Classification part | 880.08 |
| Withdrawn status | Lost status | Source of classification or shelving scheme | Damaged status | Not for loan | Collection code | Home library | Current library | Date acquired | Source of acquisition | Cost, normal purchase price | Total Checkouts | Full call number | Barcode | Date last seen | Copy number | Cost, replacement price | Koha item type |
|---|---|---|---|---|---|---|---|---|---|---|---|---|---|---|---|---|---|
| Dewey Decimal Classification | Non-fiction | Patel Nagar | Patel Nagar | 23/07/2024 | DBAD | 795.00 | RAB 880.08 | EN-124459 | 23/07/2024 | 1 | 795.00 | English Books |
